000 00871pam a2200277 a 4500
001 1442820
003 GBCCL
005 20241126110421.0
008 850729s1985 caua b 000 0 eng
010 _a 85018364
020 _a0830710957
_z0830711019 (jacket)
040 _aDLC
_cDLC
_dDLC
050 0 0 _aBV835
_b.W745 1985
082 0 0 _a248.4
_219
_bWRI
100 1 _aWright, H. Norman.
_9714
245 1 0 _aSo you're getting married /
_cH. Norman Wright.
260 _aVentura, Calif., U.S.A. :
_bRegal Books,
_cc1985.
300 _a256 p. :
_bill. ;
_c22 cm.
504 _aBibliography: p. [251]-256.
650 0 _aMarriage
_xReligious aspects
_xChristianity.
_9295
650 0 _aMarriage.
_92123
650 0 _aCommunication in marriage.
_94436
740 0 _aSo you are getting married.
906 _a7
_bcbc
_corignew
_d1
_eocip
_f19
_gy-gencatlg
942 _2ddc
_cBK
_023
999 _c2168
_d2168